LIBRARY & INFORMATION CENTRE, KCAET, TAVANUR

ONLINE PUBLIC ACCESS CATALOGUE (OPAC)

Engineering mathematics, Vol 1 / (Record no. 9847)

MARC details
000 -LEADER
fixed length control field 00498cam a2200205ua 4500
041 ## - LANGUAGE CODE
Language code of text/sound track or separate title eng
082 ## - DEWEY DECIMAL CLASSIFICATION NUMBER
Classification number 519.062
Item number VIS/EN
100 ## - MAIN ENTRY--AUTHOR NAME
Personal name Vishwanath, .
245 ## - TITLE STATEMENT
Title Engineering mathematics, Vol 1 /
250 ## - EDITION STATEMENT
Edition statement 15 /
260 ## - PUBLICATION, DISTRIBUTION, ETC. (IMPRINT)
Place of publication New Delhi :
Name of publisher Satya Prakshan ,
Year of publication 1993.
300 ## - PHYSICAL DESCRIPTION
Number of Pages 712 ; .
700 1# - ADDED ENTRY--PERSONAL NAME
Personal name Aggarwal, B M .
942 ## - ADDED ENTRY ELEMENTS (KOHA)
Koha item type Books
Holdings
Withdrawn status Lost status Damaged status Home library Current library Date acquired Full call number Accession Number Koha item type
Withdrawn   Damaged KAUAET KAUAET 07/04/2012 519.062 VIS/EN 18604 Books
      KAUAET KAUAET 07/04/2012 519.062 VIS/EN 19267 Books
free website counter